Socrates / (Record no. 103871)
[ view plain ]
| 000 -LEADER | |
|---|---|
| fixed length control field | 00631nam a2200181 a 4500 |
| 005 - DATE AND TIME OF LATEST TRANSACTION | |
| control field | 20140412111309.0 |
| 008 - FIXED-LENGTH DATA ELEMENTS--GENERAL INFORMATION | |
| fixed length control field | 010327s19uu xx 00 eng d |
| 020 ## - INTERNATIONAL STANDARD BOOK NUMBER | |
| International Standard Book Number | 0-8118-1047-X |
| 050 ## - LIBRARY OF CONGRESS CALL NUMBER | |
| Classification number | TR(PS E |
| Item number | So2 1993 |
| 100 ## - MAIN ENTRY--PERSONAL NAME | |
| Personal name | Rascal |
| 245 ## - TITLE STATEMENT | |
| Title | Socrates / |
| Statement of responsibility, etc | story by Rascal ; illustrations by Gert Bogaerts. |
| 260 ## - PUBLICATION, DISTRIBUTION, ETC. (IMPRINT) | |
| Place of publication, distribution, etc | San Francisco : |
| Name of publisher, distributor, etc | Chronicle Books, |
| Date of publication, distribution, etc | 1993. |
| 300 ## - PHYSICAL DESCRIPTION | |
| Extent | 32p. ; ill. ; 29.8x24.5cm |
| 520 ## - SUMMARY, ETC. | |
| Summary, etc | When Socrates, a homeless dog, finds a pair of eyeglasses in the street, the incident benefits him in more ways than one. |
| 650 ## - SUBJECT ADDED ENTRY--TOPICAL TERM | |
| Topical term or geographic name as entry element | Dogs - Fiction |
| 650 ## - SUBJECT ADDED ENTRY--TOPICAL TERM | |
| Topical term or geographic name as entry element | Eyeglasses - Fiction |
| Withdrawn status | Lost status | Damaged status | Home library | Current library | Shelving location | Date acquired | Source of acquisition | Cost, normal purchase price | Total Checkouts | Full call number | Barcode | Date last seen | Price effective from | Koha item type |
|---|---|---|---|---|---|---|---|---|---|---|---|---|---|---|
| Elizalde Library | Elizalde Library | Teachers Reference Section | 03/27/2001 | 169.50 | TR(PS E So2 1993 | E6042 | 04/12/2014 | 04/12/2014 | Books |